000 00503nam a2200181Ia 4500
003 GCL
008 140319s9999 xx 000 0 ara d
040 _aGCL /
_cGCL
082 0 4 _aط
_b299.5
_bو ص
100 1 _aدار المعارف
245 1 0 _aصحبة الابرار /
_cدار المعارف
260 _a[S.N] :
_bدار المعارف ،
_c1991
300 _a47 ص
490 _aقصة واية
_v0
650 0 4 _aالاطفال
650 0 4 _aالقصص القرآنية
942 _2ddc
_cBK
999 _c57055
_d57055